00589nam a22001331i 45000010005000001000041000051010008000462000051000542150022001053000053001273270141001807120082003212100052004034375 a20170304u u u0frey50 ba0 apor1 aServir a vontade política expressa pelo povo a10, [2] p.d21 cm aExemplar nÇ 0004753 em depósito / caixa 165 aDiscurso do Presidente da República, general Ramalho Eanes, proferido através da rádio e da televisão, em 12 de setembro de 197902aPortugal. Presidente da República, 1976-1986 (António Ramalho Eanes)4070 cDirecção-Geral da Divulgaçãodimp. 1979